LEADER 00946nam0-2200349---450- 001 990009299690403321 005 20101216164831.0 010 $a978-88-6081-692-4 035 $a000929969 035 $aFED01000929969 035 $a(Aleph)000929969FED01 035 $a000929969 100 $a20101216d2010----km-y0itay50------ba 101 0 $aita 102 $aIT 105 $a--------001cy 200 1 $a<>bullismo sociale$eadulto e giovanile$fRoberto Collovati 210 $aRoma$cArmando$d2010 215 $a256 p.$d20 cm 225 1 $aScaffale aperto$iSociologia 320 $aContiene bibl. (pp. 249-255) 610 0 $aAggressività 610 0 $aBullismo 676 $a302.54$v22$zita 700 1$aCollovati,$bRoberto$0509752 801 0$aIT$bUNINA$gRICA$2UNIMARC 901 $aBK 912 $a990009299690403321 952 $a302.54 COL 1$b4875$fBFS 959 $aBFS 996 $aBullismo sociale$9770431 997 $aUNINA LEADER 00825nam0-22003011i-4500 001 990003349990403321 005 20170215115640.0 010 $a2-01-016665-5 035 $a000334999 035 $aFED01000334999 035 $a(Aleph)000334999FED01 035 $a000334999 100 $a20030910d1991----km-y0itay50------ba 101 0 $aita 105 $ay-------001yy 200 1 $a<>DICTIONNAIRE DE NOTRE TEMPS HACHETTE 210 $aPARIS$cHACHETTE$d1991 610 0 $aDizionari Francese 676 $a443 700 1$aMoingeon,$bMarc$0132695 801 0$aIT$bUNINA$gRICA$2UNIMARC 901 $aBK 912 $a990003349990403321 952 $a443 MOI/2$bLINGUE 1908$fDECLI 952 $a443 MOI/1$bLINGUE 1969$fDECLI 959 $aDECLI 996 $aDICTIONNAIRE DE NOTRE TEMPS HACHETTE$9443078 997 $aUNINA LEADER 01102nas 2200373-a 450 001 996203913503316 005 20240413030608.0 011 $a1930-8671 035 $a(OCoLC)49370652 035 $a(CKB)991042749826222 035 $a(CONSER)--2004255603 035 $a(DE-599)ZDB2206218-X 035 $a(EXLCZ)99991042749826222 100 $a20010111a19939999 s-- a 101 0 $aeng 135 $aurcnu||||| 181 $ctxt$2rdacontent 182 $cc$2rdamedia 183 $acr$2rdacarrier 200 10$aElections today $enews from the International Foundation for Election Systems 210 $aWashington, DC $cInternational Foundation for Electoral Systems 311 $a1073-6719 517 1 $aIFES elections today 531 0 $aElect. today 606 $aElection monitoring$vPeriodicals 606 $aElections$vPeriodicals 615 0$aElection monitoring 615 0$aElections 676 $a324.9 712 02$aInternational Foundation for Electoral Systems. 906 $aJOURNAL 912 $a996203913503316 996 $aElections today$91938314 997 $aUNISA